000
00252nam a2200109Ia 4500
008
200302s9999 xx 000 0 und d
100
_a
Edie Cohen
245
_a
West Coast Rooms
260
_b
Rockport Publishers Inc.
260
_c
2000
300
_a
192 P.,
999
_c
1598
_d
1598